K otázkam „voluntary tax compliance“

O ich príčinách a možnostiach eliminácie daňových únikov sa vedú neustále polemiky. Mnohé štúdie týkajúce sa postoja človeka k plateniu daní ukazujú, že úspešnosť výberu nemusí vždy spočívať v stratégii odstrašovania, ale oveľa efektívnejší výber sa dá dosiahnuť, ak budú prítomné silné sociálne štan...

Full description

Saved in:
Bibliographic Details
Main Author: Sabayová, Mária
Format: Book Chapter
Language:Slovak
Subjects:
Tags: Add Tag
No Tags, Be the first to tag this record!

MARC

LEADER 00000nla a2200000 4500
001 0247436
005 20240417075144.7
041 0 |a slo 
044 |a SK 
245 1 0 |a K otázkam „voluntary tax compliance“  |c Mária Sabayová 
520 |a O ich príčinách a možnostiach eliminácie daňových únikov sa vedú neustále polemiky. Mnohé štúdie týkajúce sa postoja človeka k plateniu daní ukazujú, že úspešnosť výberu nemusí vždy spočívať v stratégii odstrašovania, ale oveľa efektívnejší výber sa dá dosiahnuť, ak budú prítomné silné sociálne štandardy, ktoré je navyše dôležité s daňovníkmi správne odkomunikovať. Stručný prehľad literatúry o vplyvoch na správanie sa daňovníkov. 
610 2 0 |a únik daňový 
610 2 0 |a sankcie 
610 2 0 |a daňovníci 
610 2 0 |a Slovensko 
610 2 0 |a spravodlivosť daňová 
610 2 0 |a spravodlivosť sociálna 
610 2 0 |a legislatíva 
100 1 |a Sabayová, Mária